Hacia un plan nacional de educación en derechos humanos. Diagnóstico (Record no. 9780)
[ view plain ]
| 000 -LEADER | |
|---|---|
| campo de control de longitud fija | 00389nam a2200145Ia 4500 |
| 001 - NÚMERO DE CONTROL | |
| campo de control | 2615 |
| 008 - DATOS DE LONGITUD FIJA--INFORMACIÓN GENERAL | |
| campo de control de longitud fija | 241024s9999 xx 000 0 und d |
| 082 ## - NÚMERO DE LA CLASIFICACIÓN DECIMAL DEWEY | |
| Número de clasificación | RD/323/P762h/v,1 |
| 100 ## - ENTRADA PRINCIPAL--NOMBRE DE PERSONA | |
| Nombre de persona | Vielka Polanco |
| 245 #0 - MENCIÓN DEL TÍTULO | |
| Título | Hacia un plan nacional de educación en derechos humanos. Diagnóstico |
| 260 ## - PUBLICACIÓN, DISTRIBUCIÓN, ETC. | |
| Nombre del editor, distribuidor, etc. | UNESCO 2003 |
| Fecha de publicación, distribución, etc. | 2003 |
| 590 ## - NOTA LOCAL (RLIN) | |
| Nota local | si |
| 901 ## - ELEMENTOS DE DATOS A LOCAL LDA (RLIN) | |
| a | 28/11/2012 11:53:54 a.m. |
No items available.